Estudios de teratología con motivo de un extraordinario caso de monstruo triple / (Record no. 158900)

MARC details
000 -LEADER
campo de control de longitud fija 00975nam a22002055i 4500
001 - NÚMERO DE CONTROL
campo de control 158900
003 - IDENTIFICADOR DE NÚMERO DE CONTROL
campo de control ES-MaACL
005 - FECHA Y HORA DE LA ÚLTIMA TRANSACCIÓN
campo de control 20260201131938.0
008 - DATOS DE LONGITUD FIJA--INFORMACIÓN GENERAL
campo de control de longitud fija 020716s1879 sp |||| | spa d
040 ## - FUENTE DE CATALOGACIÓN
Centro catalogador/agencia de origen CCPB | B
Lengua de catalogación spa
Centro/agencia transcriptor CCPB | B
100 1# - ENTRADA PRINCIPAL--NOMBRE DE PERSONA
Nombre de persona Martín de Pedro, Ecequiel.
9 (RLIN) 129558
245 10 - MENCIÓN DEL TÍTULO
Título Estudios de teratología con motivo de un extraordinario caso de monstruo triple /
Mención de responsabilidad, etc. por Ecequiel Martín de Pedro.
260 ## - PUBLICACIÓN, DISTRIBUCIÓN, ETC.
Lugar de publicación, distribución, etc. Madrid :
Nombre del editor, distribuidor, etc. [s.n.],
Fecha de publicación, distribución, etc. 1879 (
Fabricante oficina tipográfica del Hospicio)
300 ## - DESCRIPCIÓN FÍSICA
Extensión 69 p., [6] h. pleg. ;
Dimensiones 20 cm.
490 1# - MENCIÓN DE SERIE
Mención de serie Biblioteca de la Revista Especial de Oftalmología, Sifilografía, Dermatología y Afecciones Urinarias
650 #4 - PUNTO DE ACCESO ADICIONAL DE MATERIA--TÉRMINO DE MATERIA
Término de materia o nombre geográfico como elemento de entrada Malformaciones congénitas.
9 (RLIN) 151409
830 0# - PUNTO DE ACCESO ADICIONAL DE SERIE-TÍTULO UNIFORME
Título uniforme Biblioteca de la Revista Especial de Oftalmología, Sifilografía, Dermatología y Afecciones Urinarias
9 (RLIN) 221896
852 ## - LOCALIZACIÓN
Ubicación ES-MaACL
Número de control de estantería T-622-F-3
Nota libre -- Enc. hol.
condición física -- Falto de la cub. original
Nota libre -- Enc. un vol. facticio
Holdings
Estatus retirado Estado de pérdida Estado de daño No para préstamo Colección Biblioteca de origen Biblioteca actual Ubicación en estantería Fecha de adquisición Total de préstamos Signatura topográfica completa Código de barras Visto por última vez Precio de reemplazo Tipo de ítem Koha
        Colección de folletos Biblioteca del Ateneo de Madrid Biblioteca del Ateneo de Madrid Depósito folletos 17/01/2008   T-622-F-3 1166317 23/02/2023 23/02/2023 Folleto